| 000 | 00866nam a2200253 a 4500 | ||
|---|---|---|---|
| 001 | 59426 | ||
| 003 | BD-RjUL | ||
| 005 | 20211209080728.0 | ||
| 008 | 161224s1997 ii b 001 0 eng | ||
| 020 | _a8171008488 | ||
| 035 | _a(BD-RjUL) 59550 | ||
| 040 |
_aDLC _cDLC _beng _dBD-RjUL |
||
| 041 | _aeng | ||
| 082 |
_223 _a342.54085 _bSHH 1997 |
||
| 100 | 1 |
_aSharma, Gokulesh, _d1958- _9176732 |
|
| 245 | 1 | 0 |
_aHuman rights and social justice : _bfundamental rights vis-a-vis directive principles / _cGokulesh Sharma ; foreword by P.N. Bhagwati. |
| 260 |
_aNew Delhi : _bDeep & Deep Publications, _cc1997. |
||
| 300 |
_aviii, 506 p. ; _c22 cm. |
||
| 504 | _aIncludes bibliographical references (p. [497]-500) and index. | ||
| 650 | 0 |
_aCivil rights _zIndia. _9175056 |
|
| 650 | 0 |
_aHuman rights _zIndia. _9176733 |
|
| 650 | 0 |
_aSocial justice. _9176734 |
|
| 942 |
_2ddc _cAVM |
||
| 999 |
_c59426 _d59426 |
||